Countries Bordering Myanmar - Statistics

General Stats
  • This quiz has been taken 77,841 times
  • The average score is 5 of 5
Answers on the Map
Answers color-coded by a green-red scale on the quiz's map according to % correct below.
 
Answer Stats
Countries % Correct
Laos
97%
Thailand
97%
China
96%
India
95%
Bangladesh
92%
No matching quizzes found
Score Distribution
Percent of People with Each Score
Percentile by Number Answered
Your Score History
You have not taken this quiz